Squadre state in Serie A - Italia Centrale - Statistics

Statistiche generali
  • Questo quiz è stato fatto 33 volte
  • Il punteggio medio è 12 su 14
Statistiche sulle risposte
Regione Stagioni in Serie A Squadra % Corretto
Toscana 86 Fiorentina
100%
Lazio 81 Lazio
100%
Lazio 91 Roma
100%
Umbria 13 Perugia
97%
Toscana 7 Pisa
97%
Lazio 3 Frosinone
94%
Toscana 18 Livorno
90%
Toscana 9 Siena
90%
Marche 2 Ancona
87%
Marche 16 Ascoli
87%
Toscana 16 Empoli
87%
Toscana 8 Lucchese
81%
Umbria 2 Ternana
77%
Toscana 1 Pistoiese
58%
Nessun quiz corrispondente trovato
Distribuzione punteggi
Percentuale di utenti per punteggio
Percentile per numero di risposta
I tuoi punteggi nel tempo
Non hai fatto questo quiz